ESSENTIAL HISTOLOGY (Record no. 12309)

MARC details
000 -LEADER
fixed length control field 00419nam a22001697a 4500
003 - CONTROL NUMBER IDENTIFIER
control field OSt
005 - DATE AND TIME OF LATEST TRANSACTION
control field 20211013103058.0
008 - FIXED-LENGTH DATA ELEMENTS--GENERAL INFORMATION
fixed length control field 211013b |||||||| |||| 00| 0 eng d
020 ## - INTERNATIONAL STANDARD BOOK NUMBER
International Standard Book Number 0-397-51062-4
040 ## - CATALOGING SOURCE
Original cataloging agency DDC
Transcribing agency HU
082 ## - DEWEY DECIMAL CLASSIFICATION NUMBER
Edition number 1
Classification number 611.01
Item number 1
100 ## - MAIN ENTRY--PERSONAL NAME
Personal name Cormack David H
9 (RLIN) 13181
245 ## - TITLE STATEMENT
Title ESSENTIAL HISTOLOGY
250 ## - EDITION STATEMENT
Edition statement 1
260 ## - PUBLICATION, DISTRIBUTION, ETC.
Place of publication, distribution, etc. Philadelphia
Name of publisher, distributor, etc. J.B. Lippincott company
Date of publication, distribution, etc. 1993
942 ## - ADDED ENTRY ELEMENTS (KOHA)
Source of classification or shelving scheme Dewey Decimal Classification
Koha item type Books like text book referance book
Suppress in OPAC No
Holdings
Withdrawn status Lost status Source of classification or shelving scheme Damaged status Not for loan Home library Current library Date acquired Total Checkouts Full call number Barcode Date last seen Copy number Price effective from Koha item type
    Dewey Decimal Classification     College of Medicine and Health’s Sciences Library College of Medicine and Health’s Sciences Library 10/13/2021   611.01,C6,1993 CMHSL00002675 10/13/2021 1 10/13/2021 Books like text book referance book